"Ságvári" védjegy vagy nem kívánatos személy? /

Elmentve itt :
Bibliográfiai részletek
Szerző: Gaál Bernadett
Dokumentumtípus: Cikk
Megjelent: 2015-02-20
Sorozat:SzegedMa.hu
Kulcsszavak:Bogáts Gábor, Széll Márta, Általános Orvostudományi Kar, Belgyógyászati Klinika, Kardiológiai részleg, Orvosi Genetikai Intézet, Ságvári Endre Gyakorló Gimnázium, Névcsere, Ságvári Endre
Online Access:http://univ.bibl.u-szeged.hu/43977
LEADER 00777nab a2200169 i 4500
001 univ43977
005 20180321091945.0
008 171214s2015 hu o 0|| zxx d
040 |a SZTE UnivHistória Repozitórium  |b hun 
041 |a zxx 
100 1 |a Gaál Bernadett 
245 1 0 |a "Ságvári"   |h [elektronikus dokumentum] :  |b védjegy vagy nem kívánatos személy? /  |c  Gaál Bernadett 
260 |c 2015-02-20 
490 0 |a SzegedMa.hu 
561 |a Egyetemi hirarchívum 
695 |a Bogáts Gábor, Széll Márta, Általános Orvostudományi Kar, Belgyógyászati Klinika, Kardiológiai részleg, Orvosi Genetikai Intézet, Ságvári Endre Gyakorló Gimnázium, Névcsere, Ságvári Endre 
856 4 0 |u http://univ.bibl.u-szeged.hu/43977/1/szegedma_2015_02_20_sagvari.pdf  |z Dokumentum-elérés